Unemployment in history : economic thought and public policy

Bibliographic Details
Main Author: Garry, John A. , 1910-1975 (Author)
Format: Book
Published: New York : Harper Coloph on Books , 1978
Subjects:

MARC

LEADER 00000cam a2200000 7i4500
001 0000005132
005 20170101093000.0
008 021118n
020 |a 0060906677 
050 0 0 |a HD5708.7   |b .G37 
090 0 0 |a HD5708.7   |b .G37 
100 0 |a Garry, John A. ,   |d 1910-1975 ,   |e author 
245 0 0 |a Unemployment in history :   |b economic thought and public policy   |c John A. Garry 
260 2 |a New York :   |b Harper Coloph on Books ,   |c 1978 
300 |a 273 p. ; ;   |c 20 cm. 
500 |a Includes index 
650 0 |a Unemployment 
650 0 |a Unemployment   |x Economic aspect 
999 |a 1000011833   |b Book   |c OPEN SHELF (30 DAYS)   |e Gong Badak Campus